| 000 | 00747nam a22002297a 4500 | ||
|---|---|---|---|
| 003 | PILC | ||
| 005 | 20150515141926.0 | ||
| 008 | 150515b xxu||||| |||| 00| 0 eng d | ||
| 020 | _a987654321 | ||
| 050 |
_aQC 21.2 _b.W721 1970 |
||
| 100 | _aWIlliams, John E. | ||
| 245 |
_aModern physics / _cJohn E. Williams, H. Clark Metcalfe, Frederick E. Trinklein, Ralph W. Lefler. |
||
| 260 |
_aPhilippines : _bNational Bookstore, _c1970 |
||
| 300 |
_axi, 707 pages : _billustrations (some color) ; _c24 cm. |
||
| 500 | _aIncludes appendix, glossary and index. | ||
| 521 | _aGeneral Education | ||
| 650 | _aPhysics. | ||
| 700 | _aMetcalfe, H. Clark. | ||
| 700 | _aTrinklein, Frederick E. | ||
| 700 | _aLefler, Ralph W. | ||
| 942 |
_2lcc _cBK _kFIL |
||
| 999 |
_c283993 _d283993 |
||